000 00771nam a2200265 4500
001 76838
003 BD-RjUL
005 20211209082909.0
008 200126s1968 at a 000 0 eng
035 _a(BD-RjUL)77062
040 _aDLC
_cDLC
_dDLC
_beng
041 _aeng
082 0 0 _a790.20994
_223
_bENT 1968
245 0 0 _aEntertainment arts in Australia. /
_c[Editorial: John Allen; Photographs: Robert Walker]
260 _aSydney,
_bHamlyn
_c[1968]
300 _a159 p. :
_billus. ;
_c24 x 25 cm.
350 _a1.75
650 0 _aPerforming arts
_zAustralia.
_9238362
700 1 _aAllen, John,
_9238364
906 _a7
_bcbc
_corignew
_du
_encip
_f19
_gy-gencatlg
942 _2ddc
_cBK
999 _c76838
_d76838